[Event "34th Leon Blitz Open 2021"]
[Site "chess.com INT"]
[Date "2021.07.07"]
[Round "6"]
[White "Shreyans, K. Shah"]
[Black "Bures, Vit"]
[Result "0-1"]
[WhiteTitle "CM"]
[BlackTitle "CM"]
[WhiteElo "2237"]
[BlackElo "2144"]
[WhiteFideId "5029074"]
[BlackFideId "309052"]
[EventDate "2021.07.07"]

1. d4 d5 2. Nf3 Nf6 3. Bf4 c5 4. e3 Nc6 5. c3 Qb6 6. Qb3 c4 7. Qc2 Bf5 8. Qc1
Nh5 9. Bg3 Nxg3 10. hxg3 g6 11. Nbd2 Bg7 12. Be2 e5 13. Nh4 Be6 14. Rb1 O-O 15.
Qd1 h6 16. Bg4 f5 17. Nxg6 fxg4 18. Nxf8 Rxf8 19. Ke2 Bf5 20. e4 Bxe4 21. Nxe4
dxe4 22. d5 Qxf2# 0-1

[Event "34th Leon Blitz Open 2021"]
[Site "chess.com INT"]
[Date "2021.07.07"]
[Round "6"]
[White "Onischuk, Vladimir"]
[Black "Henderson de La Fuente, Lance"]
[Result "1-0"]
[WhiteTitle "GM"]
[BlackTitle "GM"]
[WhiteElo "2622"]
[BlackElo "2491"]
[WhiteFideId "14114038"]
[BlackFideId "32096585"]
[EventDate "2021.07.07"]

1. Nf3 c5 2. g3 Nc6 3. Bg2 e5 4. O-O g6 5. c4 Bg7 6. Nc3 Nge7 7. d3 O-O 8. Rb1
d6 9. a3 a5 10. Bd2 Rb8 11. Ng5 b6 12. Nb5 Bb7 13. Ne4 Nc8 14. b4 axb4 15. axb4
Nd4 16. bxc5 dxc5 17. Nxd4 exd4 18. Bg5 f6 19. Bf4 Ra8 20. Nxf6+ Qxf6 21. Bxb7
Ra7 22. Bd5+ Kh8 23. Ra1 Re7 24. Ra8 g5 25. Bd2 h6 26. Bf3 Nd6 27. Qa4 Nf7 28.
Rxf8+ Bxf8 29. Be4 Ne5 30. f4 gxf4 31. Rxf4 Qg7 32. Qa8 Rf7 33. Rxf7 Nxf7 34.
Bf4 Kg8 35. Bd5 Qf6 36. Qe8 h5 37. Bh6 1-0

[Event "34th Leon Blitz Open 2021"]
[Site "chess.com INT"]
[Date "2021.07.07"]
[Round "6"]
[White "Szente Varga, Fruzsina"]
[Black "Sliwicka, Alicja"]
[Result "0-1"]
[WhiteTitle "WFM"]
[BlackTitle "WIM"]
[WhiteElo "2100"]
[BlackElo "2308"]
[WhiteFideId "712264"]
[BlackFideId "1150677"]
[EventDate "2021.07.07"]

1. e4 c5 2. Nf3 d6 3. d4 cxd4 4. Qxd4 Nf6 5. Bg5 Nc6 6. Bb5 Qa5+ 7. Nc3 Qxb5 8.
Nxb5 Nxd4 9. Nfxd4 Nxe4 10. Nc7+ Kd8 11. Nxa8 Nxg5 12. Nb5 a6 13. Nc3 b5 14. Nb6
Bb7 15. Nbd5 e6 16. Nf4 b4 17. Nce2 e5 18. Nd3 Bxg2 19. O-O-O Bxh1 20. Rxh1 a5
21. f4 exf4 22. Nexf4 g6 23. Rf1 Bg7 24. Nd5 f5 25. Nb6 Kc7 26. Nc4 Ra8 27. h4
Ne4 28. Nd2 Bh6 29. Nf4 Ng3 30. Ne6+ Kd7 31. Re1 Re8 32. Kd1 Rxe6 33. Rg1 Ne4
34. Nc4 Nf2# 0-1

[Event "34th Leon Blitz Open 2021"]
[Site "chess.com INT"]
[Date "2021.07.07"]
[Round "6"]
[White "Khabinets, Ivan"]
[Black "Khanin, Semen"]
[Result "0-1"]
[BlackTitle "IM"]
[WhiteElo "1980"]
[BlackElo "2517"]
[WhiteFideId "14115980"]
[BlackFideId "4111990"]
[EventDate "2021.07.07"]

1. e4 c5 2. Nf3 e6 3. c3 Nf6 4. e5 Nd5 5. Bc4 Nc6 6. O-O d6 7. d4 cxd4 8. cxd4
Be7 9. Qe2 O-O 10. Rd1 Na5 11. Bd3 Nb4 12. Be4 d5 13. Bd3 Nxd3 14. Qxd3 Bd7 15.
b3 Rc8 16. Ba3 Bxa3 17. Nxa3 Qe7 18. Nc2 Rc7 19. Qd2 b6 20. Rdc1 Rfc8 21. Nfe1
Bb5 22. Ne3 h6 23. Rxc7 Qxc7 24. h4 Qc3 25. Qd1 Be2 26. Qc2 Qxc2 27. N1xc2 Bd3
28. Rc1 Rc3 29. f3 Nc6 0-1

[Event "34th Leon Blitz Open 2021"]
[Site "chess.com INT"]
[Date "2021.07.07"]
[Round "6"]
[White "Jimenez Martinez, Jose Vicente"]
[Black "Lorente Serrano, Rosa Adela"]
[Result "1-0"]
[WhiteTitle "FM"]
[BlackTitle "WFM"]
[WhiteElo "2271"]
[BlackElo "2022"]
[WhiteFideId "2264021"]
[BlackFideId "32091982"]
[EventDate "2021.07.07"]

1. d4 Nf6 2. c4 c5 3. d5 d6 4. Nc3 g6 5. e4 Bg7 6. f3 O-O 7. Be3 e6 8. Qd2 exd5
9. cxd5 Re8 10. Nge2 a6 11. a4 Nbd7 12. Ng3 Ne5 13. Be2 Rb8 14. O-O Bd7 15. h3
b5 16. Bg5 Qc7 17. Nh1 Nc4 18. Bxc4 bxc4 19. Nf2 Rb3 20. Nfd1 Reb8 21. Ra2 Be8
22. f4 h6 23. Bh4 Kh7 24. g4 Nd7 25. Bg3 Qd8 26. Re1 Qf6 27. e5 dxe5 28. fxe5
Qf3 29. Re3 Nxe5 30. Bxe5 Rxb2 31. Rxb2 Rxb2 32. Nxb2 Bxe5 33. Rxf3 Bd4+ 34. Kg2 1-0

[Event "34th Leon Blitz Open 2021"]
[Site "chess.com INT"]
[Date "2021.07.07"]
[Round "6"]
[White "Gabrielian, Artur"]
[Black "Tejedor Fuente, Enrique"]
[Result "1-0"]
[WhiteTitle "GM"]
[BlackTitle "IM"]
[WhiteElo "2460"]
[BlackElo "2434"]
[WhiteFideId "4131002"]
[BlackFideId "2299100"]
[EventDate "2021.07.07"]

1. e4 c5 2. Nc3 g6 3. d4 Bg7 4. dxc5 Qa5 5. Bd2 Qxc5 6. Nd5 Na6 7. b4 Qd6 8. Nf3
e6 9. Bf4 Qf8 10. Bxa6 exd5 11. O-O Qxb4 12. Rb1 Qa3 13. Bxb7 Bxb7 14. Rxb7 Nf6
15. e5 Nh5 16. Qxd5 O-O 17. Be3 Rfd8 18. g4 Qa4 19. c4 Rab8 20. Rxb8 Rxb8 21.
gxh5 Qxa2 22. hxg6 hxg6 23. Ng5 Rf8 24. Bc5 1-0

[Event "34th Leon Blitz Open 2021"]
[Site "chess.com INT"]
[Date "2021.07.07"]
[Round "6"]
[White "Primbetov, Kazbek"]
[Black "Necula, Iulian"]
[Result "1-0"]
[WhiteTitle "FM"]
[WhiteElo "2207"]
[BlackElo "1890"]
[WhiteFideId "13702297"]
[BlackFideId "1232380"]
[EventDate "2021.07.07"]

1. f4 g6 2. Nf3 f5 3. g3 Nf6 4. Bg2 Bg7 5. O-O O-O 6. d3 d6 7. Nbd2 c6 8. e4
Qb6+ 9. Kh1 Ng4 10. Qe2 Ne3 11. Nc4 Nxc4 12. dxc4 fxe4 13. Ng5 d5 14. cxd5 cxd5
15. c4 e6 16. Rd1 h6 17. Nh3 Nc6 18. cxd5 exd5 19. Rxd5 Bf5 20. Be3 Qxb2 21.
Qxb2 Bxb2 22. Rb1 Bc3 23. Rxb7 Nb4 24. Rc5 Be1 25. Rcc7 Rfc8 26. Rg7+ Kf8 27.
Rbf7+ Ke8 28. Re7+ Kd8 29. Ref7 Ke8 30. g4 Bd7 31. Rxd7 1-0

[Event "34th Leon Blitz Open 2021"]
[Site "chess.com INT"]
[Date "2021.07.07"]
[Round "6"]
[White "Sjugirov, Sanan"]
[Black "Ibrahimli, Murad"]
[Result "1-0"]
[WhiteTitle "GM"]
[BlackTitle "IM"]
[WhiteElo "2661"]
[BlackElo "2436"]
[WhiteFideId "4189302"]
[BlackFideId "13410229"]
[EventDate "2021.07.07"]

1. e4 e5 2. Nf3 Nc6 3. Bb5 a6 4. Ba4 Nf6 5. O-O b5 6. Bb3 Bc5 7. a4 Rb8 8. d3 d6
9. h3 h6 10. Nc3 g5 11. axb5 axb5 12. Nh2 Nd4 13. Ba2 Rg8 14. Nd5 g4 15. Nxf6+
Qxf6 16. hxg4 Qh4 17. c3 Bxg4 18. Nxg4 Rxg4 19. cxd4 Bxd4 20. Qf3 f5 21. exf5 e4
22. Re1 Be5 23. Rxe4 Qh2+ 24. Kf1 Qh1+ 25. Ke2 Rxg2 26. Rxe5+ dxe5 27. Qc6+ Kf8
28. Bxh6+ 1-0

[Event "34th Leon Blitz Open 2021"]
[Site "chess.com INT"]
[Date "2021.07.07"]
[Round "6"]
[White "Vasquez Schroeder, Rodrigo"]
[Black "Vitenberg, Noam Aviv"]
[Result "1-0"]
[WhiteTitle "GM"]
[BlackTitle "FM"]
[WhiteElo "2459"]
[BlackElo "2315"]
[WhiteFideId "3400042"]
[BlackFideId "1532138"]
[EventDate "2021.07.07"]

1. e4 c6 2. c4 d5 3. cxd5 cxd5 4. exd5 Nf6 5. Qa4+ Nbd7 6. Nc3 g6 7. Bc4 Bg7 8.
d3 O-O 9. Nf3 a6 10. Qa3 b6 11. O-O Bb7 12. Re1 b5 13. Bb3 Re8 14. Be3 Nb6 15.
Bxb6 Qxb6 16. Qb4 Bf8 17. Qh4 b4 18. Ne4 Nxd5 19. Ne5 h6 20. Rac1 Bg7 21. Nc5
Rad8 22. d4 Rd6 23. Nc4 g5 24. Qg3 Qd8 25. Nxd6 Ba8 26. Nxe8 Qxe8 27. Qf3 Nf4
28. d5 Bxb2 29. Rc2 Bc3 30. Rxc3 bxc3 31. Qxc3 Qb5 32. Qe3 e6 33. dxe6 fxe6 34.
Nxe6 Kh8 35. Nxf4 1-0

[Event "34th Leon Blitz Open 2021"]
[Site "chess.com INT"]
[Date "2021.07.07"]
[Round "6"]
[White "Bator, Robert"]
[Black "Valle Maytin, Luis Enrique"]
[Result "1-0"]
[WhiteTitle "IM"]
[BlackTitle "FM"]
[WhiteElo "2356"]
[BlackElo "2284"]
[WhiteFideId "1700405"]
[BlackFideId "3503666"]
[EventDate "2021.07.07"]

1. e4 d5 2. exd5 Qxd5 3. Nc3 Qa5 4. d4 c6 5. Bd3 Nf6 6. Ne2 e6 7. Bd2 Qc7 8. Bf4
Bd6 9. Bxd6 Qxd6 10. O-O Nbd7 11. Qd2 O-O 12. Rad1 b6 13. Ne4 Nxe4 14. Bxe4 f5
15. Bf3 Nf6 16. Qf4 Qxf4 17. Nxf4 Bd7 18. Nd3 Rac8 19. Rfe1 Rfe8 20. Ne5 Kf8 21.
h3 Ke7 22. g4 fxg4 23. hxg4 Kd6 24. c4 h6 25. Kg2 Kc7 26. b4 Rcd8 27. Kg3 Rf8
28. Bg2 g5 29. a4 a6 30. Re3 Rde8 31. Rde1 b5 32. Rh1 Rh8 33. axb5 axb5 34. cxb5
cxb5 35. Rc1+ Kd6 36. Nf7+ Ke7 37. Nxh8 Rxh8 38. d5 h5 39. dxe6 h4+ 40. Kh3 Bxe6
41. Rce1 Rf8 42. Rxe6+ Kf7 43. Re7+ Kg6 44. Be4+ Nxe4 45. R1xe4 Rxf2 46. R4e6+
Rf6 47. Rxf6+ Kxf6 1-0

[Event "34th Leon Blitz Open 2021"]
[Site "chess.com INT"]
[Date "2021.07.07"]
[Round "6"]
[White "Saravana, Krishnan P."]
[Black "Delgadillo, Adonay"]
[Result "0-1"]
[WhiteTitle "IM"]
[BlackTitle "FM"]
[WhiteElo "2312"]
[BlackElo "2236"]
[WhiteFideId "5018382"]
[BlackFideId "3301915"]
[EventDate "2021.07.07"]

1. e4 c5 2. Nf3 d6 3. Bb5+ Bd7 4. a4 g6 5. O-O Bg7 6. Re1 Nf6 7. c3 O-O 8. d4
cxd4 9. Bxd7 Nbxd7 10. cxd4 e5 11. Nc3 Re8 12. d5 a5 13. h3 Nc5 14. Be3 Rc8 15.
Rc1 Nfxe4 16. Nxe4 Nxe4 17. Qb3 Rxc1 18. Rxc1 Qd7 19. Qc4 Nf6 20. Bb6 Bh6 21.
Rc2 e4 22. Qd4 Qf5 23. Nh4 Qg5 24. g3 Bg7 25. Rd2 e3 26. Nf3 Qf5 27. Nh4 Qxh3
28. fxe3 Ng4 29. Qf4 Be5 30. Qf3 Bxg3 31. Ng2 0-1

[Event "34th Leon Blitz Open 2021"]
[Site "chess.com INT"]
[Date "2021.07.07"]
[Round "6"]
[White "Musovic, Armin"]
[Black "Glek, Igor"]
[Result "0-1"]
[WhiteTitle "FM"]
[BlackTitle "GM"]
[WhiteElo "2282"]
[BlackElo "2476"]
[WhiteFideId "939935"]
[BlackFideId "4100484"]
[EventDate "2021.07.07"]

1. a3 e5 2. Nc3 d5 3. d4 e4 4. Bf4 c6 5. f3 f5 6. Qd2 Nf6 7. Nh3 Na6 8. e3 Nc7
9. Be2 Ne6 10. Be5 Bd6 11. f4 O-O 12. Rg1 Ng4 13. Bxg4 fxg4 14. Nf2 Bxe5 15.
dxe5 h5 16. O-O-O b5 17. g3 Qb6 18. h3 gxh3 19. Nxh3 a5 20. g4 b4 21. Nxd5 cxd5
22. f5 bxa3 23. bxa3 Rb8 24. Qc3 Nc7 25. e6 Nb5 26. Qb2 Qxe3+ 27. Rd2 Bxe6 28.
gxh5 Nc3 29. h6 Rxb2 30. Rxg7+ Kh8 31. Kxb2 Rb8+ 0-1

[Event "34th Leon Blitz Open 2021"]
[Site "chess.com INT"]
[Date "2021.07.07"]
[Round "6"]
[White "Dang, Hoang Son"]
[Black "Senlle Caride, Miguel"]
[Result "0-1"]
[WhiteTitle "FM"]
[BlackTitle "FM"]
[WhiteElo "2363"]
[BlackElo "2354"]
[WhiteFideId "12402435"]
[BlackFideId "2282500"]
[EventDate "2021.07.07"]

1. d4 Nf6 2. c4 e6 3. Nf3 d5 4. g3 Be7 5. Bg2 O-O 6. O-O dxc4 7. Qc2 b5 8. a4 b4
9. Qxc4 Ba6 10. Qc2 Nbd7 11. Bf4 Nd5 12. Rd1 c5 13. Ne5 Nxe5 14. dxe5 Qc7 15.
Be4 h6 16. Nd2 g5 17. Bxd5 exd5 18. Nf3 gxf4 19. gxf4 d4 20. Nxd4 Kh8 21. Nf5
Rg8+ 22. Kh1 Bc8 23. Nxh6 Qc6+ 24. f3 Qxh6 25. Qe4 Bh3 26. Rg1 Rxg1+ 27. Rxg1
Rg8 28. Rxg8+ Kxg8 29. Kg1 Qh4 30. Qb1 Qxf4 31. Kh1 Qxe5 32. Qg1+ Qg5 0-1

[Event "34th Leon Blitz Open 2021"]
[Site "chess.com INT"]
[Date "2021.07.07"]
[Round "6"]
[White "Pham, Le Thao Nguyen"]
[Black "Silva Lucena, Cristian"]
[Result "1-0"]
[WhiteTitle "IM"]
[BlackTitle "FM"]
[WhiteElo "2369"]
[BlackElo "2238"]
[WhiteFideId "12401226"]
[BlackFideId "2232588"]
[EventDate "2021.07.07"]

1. d4 Nf6 2. Nf3 g6 3. Bf4 Bg7 4. e3 d6 5. h3 O-O 6. c3 c5 7. Be2 Be6 8. Nbd2
Qb6 9. Qc2 Nc6 10. Nc4 Bxc4 11. Bxc4 Rfc8 12. Qe2 cxd4 13. exd4 e5 14. dxe5 dxe5
15. Be3 Qc7 16. Bb3 Na5 17. O-O Nxb3 18. axb3 Nd5 19. Rfd1 Nxe3 20. Qxe3 a6 21.
b4 Rd8 22. Nd2 f5 23. Qc5 Qf7 24. Qc4 Rac8 25. Qxf7+ Kxf7 26. Nb3 Rxd1+ 27. Rxd1
Rc7 28. f3 Bf8 29. Kf2 Be7 30. Ke2 Ke6 31. Kd3 h5 32. Re1 Kd5 33. Nd2 Bg5 34.
c4+ Ke6 35. Nb3 Be7 36. c5 Rd7+ 37. Kc4 Bd8 38. b5 axb5+ 39. Kxb5 Rd3 40. Kc4
Rd7 41. Re2 Kf6 42. Rd2 Rxd2 43. Nxd2 Bc7 44. Kd5 h4 45. Nc4 g5 46. b4 g4 47.
fxg4 fxg4 48. Ne3 gxh3 49. gxh3 Kg5 50. Ke4 Bb8 51. Nd5 Kg6 52. b5 Kg5 53. c6
bxc6 54. bxc6 Bd6 55. c7 Bxc7 56. Nxc7 Kg6 57. Kxe5 Kh5 58. Kf5 Kh6 59. Ne6 Kh5
60. Nf4+ Kh6 61. Kg4 1-0

[Event "34th Leon Blitz Open 2021"]
[Site "chess.com INT"]
[Date "2021.07.07"]
[Round "6"]
[White "Estrada Nieto, Julian"]
[Black "Krishnakumar, Sriram"]
[Result "1-0"]
[WhiteTitle "IM"]
[BlackTitle "CM"]
[WhiteElo "2280"]
[BlackElo "2035"]
[WhiteFideId "5101018"]
[BlackFideId "30915856"]
[EventDate "2021.07.07"]

1. e4 e5 2. Nf3 Nc6 3. Bb5 a6 4. Ba4 Nf6 5. O-O b5 6. Bb3 Bc5 7. a4 Rb8 8. c3 d6
9. d4 Bb6 10. axb5 axb5 11. h3 h6 12. Re1 O-O 13. Na3 exd4 14. cxd4 Ba5 15. Bd2
Bxd2 16. Qxd2 Re8 17. Rac1 Nxe4 18. Qf4 d5 19. Rxc6 b4 20. Rxc7 Be6 21. Nc2 g5
22. Qe5 Bxh3 23. Qh2 Bg4 24. Ne3 Bxf3 25. gxf3 Nd2 26. Bd1 f5 27. Rc2 Nc4 28.
Qxh6 f4 29. Qg6+ Kf8 30. Qh6+ Kg8 31. Rxc4 dxc4 32. Bc2 Qe7 33. Nf5 Qxe1+ 34.
Kg2 Qe6 35. Qg7# 1-0

[Event "34th Leon Blitz Open 2021"]
[Site "chess.com INT"]
[Date "2021.07.07"]
[Round "6"]
[White "Larino Nieto, David"]
[Black "Guseinov, Gadir"]
[Result "0-1"]
[WhiteTitle "GM"]
[BlackTitle "GM"]
[WhiteElo "2455"]
[BlackElo "2665"]
[WhiteFideId "2256444"]
[BlackFideId "13401378"]
[EventDate "2021.07.07"]

1. Nf3 g6 2. e4 c5 3. h4 h5 4. Nc3 Bg7 5. d3 Nc6 6. Be3 d6 7. Qd2 Nf6 8. Ng5 Rb8
9. Be2 b5 10. a3 Ng4 11. Bxg4 hxg4 12. Nd5 f6 13. Nf4 fxg5 14. Nxg6 Rg8 15. h5
Ne5 16. Bxg5 Nxg6 17. hxg6 Bxb2 18. Rb1 Bg7 19. Rh7 Kd7 20. Qf4 Qf8 21. Qxg4+
Kc6 22. Qh4 Bc3+ 23. Kf1 Rxg6 24. Bxe7 Qg8 25. Bd8 Rb7 26. Rxb7 Bxb7 27. g3 Qf7
28. a4 b4 29. Qh5 Qe6 30. Kg2 Rh6 31. Qg5 Kd7 32. f4 Bxe4+ 33. Kf2 Bd4+ 34. Ke2
Rh2+ 35. Kd1 Bf3+ 36. Kc1 Qe1# 0-1

[Event "34th Leon Blitz Open 2021"]
[Site "chess.com INT"]
[Date "2021.07.07"]
[Round "6"]
[White "Matinian, Nikita"]
[Black "Gallegos Diaz, Carlos Alberto"]
[Result "1-0"]
[WhiteTitle "GM"]
[BlackTitle "IM"]
[WhiteElo "2436"]
[BlackElo "2374"]
[WhiteFideId "24129100"]
[BlackFideId "3900886"]
[EventDate "2021.07.07"]

1. e4 d6 2. d4 Nf6 3. Nc3 c6 4. f4 Qa5 5. Nf3 Nxe4 6. Bd3 Nxc3 7. bxc3 Nd7 8.
O-O Nf6 9. c4 Bg4 10. Bd2 Qc7 11. h3 Bxf3 12. Qxf3 e6 13. f5 e5 14. Rae1 O-O-O
15. d5 c5 16. a4 Be7 17. a5 h5 18. Rb1 Rd7 19. Rb5 Kb8 20. Rfb1 Ka8 21. Be2 Rb8
22. Qb3 Qd8 23. Qa4 Rc7 24. Be3 Qd7 25. Qa3 Qxf5 26. Bf3 g5 27. Bxc5 Rxc5 28.
Rxc5 dxc5 29. d6 e4 30. dxe7 exf3 31. a6 f2+ 32. Kf1 Qe5 33. Qf3 Ne4 34. Rd1 f5
35. axb7+ Kxb7 36. Qd3 Ng3+ 37. Kxf2 Ne4+ 38. Kf1 Ng3+ 39. Kf2 Ne4+ 40. Kg1 Qd4+
41. Qxd4 cxd4 42. Rb1+ Kc7 43. Rxb8 Nf6 44. Rf8 Kd7 45. Rxf6 1-0

[Event "34th Leon Blitz Open 2021"]
[Site "chess.com INT"]
[Date "2021.07.07"]
[Round "6"]
[White "Pacheco Lugo, Alejandro Jose"]
[Black "Djordjevic, Dejan N"]
[Result "0-1"]
[WhiteTitle "CM"]
[BlackTitle "FM"]
[WhiteElo "2127"]
[BlackElo "2144"]
[WhiteFideId "3903745"]
[BlackFideId "913316"]
[EventDate "2021.07.07"]

1. e4 c5 2. Nf3 Nc6 3. d4 cxd4 4. Nxd4 Nf6 5. Nc3 Qb6 6. Nb3 e6 7. Be3 Qc7 8.
Bd3 a6 9. f4 d6 10. Qe2 b5 11. O-O-O Be7 12. Kb1 Bd7 13. g4 b4 14. Na4 e5 15. f5
Nd4 16. Bxd4 exd4 17. e5 dxe5 18. g5 Ng8 19. f6 gxf6 20. gxf6 Nxf6 21. Rhf1 Bxa4
22. Bc4 Ra7 23. Nd2 Bd7 24. Nf3 Bg4 25. h3 Bh5 26. Bb3 e4 27. Rxd4 Bxf3 28. Qe3
Qc5 29. Rxf3 exf3 30. Qf4 Rd7 31. Ba4 Rg8 32. Bxd7+ Nxd7 33. Rd1 f2 34. Qd2 Qa7
35. a3 bxa3 0-1

[Event "34th Leon Blitz Open 2021"]
[Site "chess.com INT"]
[Date "2021.07.07"]
[Round "6"]
[White "Navarro Segura, Roberto"]
[Black "Zuriel, Marisa"]
[Result "1/2-1/2"]
[WhiteTitle "IM"]
[BlackTitle "WIM"]
[WhiteElo "2123"]
[BlackElo "2203"]
[WhiteFideId "5100364"]
[BlackFideId "109142"]
[EventDate "2021.07.07"]

1. e4 c5 2. Nf3 d6 3. d4 cxd4 4. Nxd4 Nf6 5. Nc3 a6 6. Bg5 e6 7. f4 Qc7 8. Qf3
Nc6 9. O-O-O h6 10. Bxf6 gxf6 11. f5 Nxd4 12. Rxd4 Qc5 13. Rc4 Qe5 14. fxe6 fxe6
15. Be2 h5 16. Rf1 Be7 17. Rd1 Bd7 18. Rcd4 Rc8 19. Kb1 b5 20. g4 hxg4 21. Qxg4
Qg5 22. Qxg5 fxg5 23. e5 Rxh2 24. exd6 Bf6 25. Re4 b4 26. Nd5 Bg7 27. Bxa6 Rcxc2
28. Nc7+ Kd8 29. Rxb4 Rxb2+ 30. Rxb2 Rxb2+ 31. Kc1 Rxa2 32. Bc4 Ra1+ 33. Kd2
Rxd1+ 34. Kxd1 e5 35. Ne6+ Bxe6 36. Bxe6 Bf8 37. d7 Bc5 38. Ke2 Ke7 39. Bf5 Bb6
40. Kf3 Kf6 41. Ke4 Bc7 42. Bg4 Bd8 1/2-1/2

[Event "34th Leon Blitz Open 2021"]
[Site "chess.com INT"]
[Date "2021.07.07"]
[Round "6"]
[White "Lopez Idarraga, Daniel Eduardo"]
[Black "Harshavardhan, G B"]
[Result "0-1"]
[WhiteTitle "FM"]
[BlackTitle "IM"]
[WhiteElo "2009"]
[BlackElo "2397"]
[WhiteFideId "4405501"]
[BlackFideId "25059009"]
[EventDate "2021.07.07"]

1. d4 Nf6 2. Bf4 d5 3. e3 c5 4. Nd2 Nc6 5. c3 g6 6. Ngf3 Bg7 7. dxc5 O-O 8. Bb5
Nd7 9. Bxc6 bxc6 10. Nb3 e5 11. Bg3 Ba6 12. Qd2 Bc4 13. O-O-O a5 14. Kb1 Re8 15.
e4 a4 16. Nc1 Nxc5 17. exd5 cxd5 18. Rhe1 f6 19. Qe3 Qb6 20. Nd2 Ba6 21. Nf3
Rab8 22. Rd2 Bc4 23. Rc2 Qb5 24. Nd2 Bd3 25. Nxd3 Nxd3 26. c4 dxc4 27. Nxc4 Nxe1
28. Qxe1 Red8 29. f3 Bh6 30. Bf2 Qd5 31. Be3 Qd1+ 32. Qxd1 Rxd1+ 33. Rc1 Rxc1+
34. Bxc1 Bxc1 35. Kxc1 Rc8 36. b3 axb3 37. axb3 Kf7 38. Kd2 Ke6 39. Kc2 f5 40.
Kc3 Ra8 41. b4 Ra2 42. b5 Kd5 43. b6 Kc6 44. Nxe5+ Kxb6 45. Nc4+ Kc5 46. Nd2 Kd5
47. g3 g5 48. h3 Ra3+ 49. Nb3 h5 50. Kb2 Ra8 51. Kc3 Ra3 52. Kb2 Rxb3+ 53. Kxb3
Kd4 0-1

[Event "34th Leon Blitz Open 2021"]
[Site "chess.com INT"]
[Date "2021.07.07"]
[Round "6"]
[White "Golubev, Mikhail"]
[Black "Chen, Justin"]
[Result "1-0"]
[WhiteTitle "GM"]
[BlackTitle "FM"]
[WhiteElo "2461"]
[BlackElo "2247"]
[WhiteFideId "14100983"]
[BlackFideId "2098199"]
[EventDate "2021.07.07"]

1. e4 c5 2. Nf3 d6 3. d4 cxd4 4. Nxd4 Nf6 5. Nc3 a6 6. Bc4 e6 7. Bb3 b5 8. O-O
Be7 9. Qf3 Qc7 10. Qg3 O-O 11. Bh6 Ne8 12. Rad1 Bd7 13. a3 Nc6 14. Nxc6 Bxc6 15.
f4 Kh8 16. Bg5 Nf6 17. Qh4 Rae8 18. f5 Bd7 19. Rd3 exf5 20. exf5 Qc5+ 21. Be3
Qc7 22. Bd4 h6 23. Nd5 Qd8 24. Re3 Ng8 25. Nxe7 Rxe7 26. Rxe7 Qxe7 27. f6 Nxf6
28. Rxf6 Kg8 29. Rxh6 Qxh4 30. Rxh4 Re8 31. Rf4 Re7 32. Kf2 Kf8 33. Bc3 f6 34.
h3 a5 35. Bxa5 Bc6 36. Rd4 Re5 37. Rxd6 Rf5+ 38. Kg1 Bb7 39. Rd7 1-0

[Event "34th Leon Blitz Open 2021"]
[Site "chess.com INT"]
[Date "2021.07.07"]
[Round "6"]
[White "Ibarra Jerez, Jose Carlos"]
[Black "Bluebaum, Matthias"]
[Result "0-1"]
[WhiteTitle "GM"]
[BlackTitle "GM"]
[WhiteElo "2558"]
[BlackElo "2669"]
[WhiteFideId "2226332"]
[BlackFideId "24651516"]
[EventDate "2021.07.07"]

1. e4 c6 2. Nf3 d5 3. d3 dxe4 4. dxe4 Qxd1+ 5. Kxd1 Nf6 6. Nfd2 g5 7. f3 h5 8.
a4 Bh6 9. a5 g4 10. Nb3 Bxc1 11. Kxc1 e5 12. N1d2 Ke7 13. Nc4 Nfd7 14. Kd2 Na6
15. Ke3 f6 16. c3 Ndc5 17. Nxc5 Nxc5 18. b4 Ne6 19. Be2 Nf4 20. Bf1 gxf3 21.
Kxf3 Bg4+ 22. Ke3 h4 23. Rg1 Rad8 24. g3 hxg3 25. hxg3 Ne6 26. Be2 Bxe2 27. Kxe2
Ng5 28. Ke3 Ke6 29. Rh1 Nf7 30. Rxh8 Rxh8 31. Ra2 Rh3 32. Kf3 Ng5+ 33. Kg4 Rh8
34. Re2 Nxe4 35. Rxe4 f5+ 36. Kf3 fxe4+ 37. Kxe4 Rh1 38. g4 Rf1 39. g5 Rf4+ 40.
Kd3 Rg4 41. Nd2 Rxg5 42. Ne4 Rg7 43. Nc5+ Kf5 44. Ne4 Rd7+ 45. Ke3 b6 46. axb6
axb6 47. Ng3+ Ke6 48. Ne4 Rg7 49. c4 Rg1 50. b5 cxb5 51. cxb5 Re1+ 52. Kd3 Rxe4
53. Kxe4 Kd6 0-1

[Event "34th Leon Blitz Open 2021"]
[Site "chess.com INT"]
[Date "2021.07.07"]
[Round "6"]
[White "Girya, Olga"]
[Black "Rosenberg, Evan S"]
[Result "1-0"]
[WhiteTitle "WGM"]
[WhiteElo "2448"]
[BlackElo "2125"]
[WhiteFideId "4195752"]
[BlackFideId "2019299"]
[EventDate "2021.07.07"]

1. d4 Nf6 2. Nf3 e6 3. c4 d5 4. e3 Bb4+ 5. Bd2 c5 6. Bxb4 cxb4 7. Qa4+ Nc6 8.
Ne5 O-O 9. Nxc6 bxc6 10. Qxb4 Rb8 11. Qa3 c5 12. dxc5 dxc4 13. Bxc4 Qc7 14. O-O
Ng4 15. f4 Bb7 16. h3 Qc6 17. e4 Qxe4 18. Qg3 Ne3 19. Re1 Qxc4 20. Qxe3 Rfc8 21.
Rc1 Qd5 22. Qf2 Ba8 23. b3 a5 24. Nc3 Qxc5 25. Qxc5 Rxc5 26. Na4 Rxc1+ 27. Rxc1
h5 28. Rc5 h4 29. Rxa5 Be4 30. Nc3 Bf5 31. Rc5 Rd8 32. a4 Rd4 33. a5 Rxf4 34. a6
Rb4 35. a7 Rxb3 36. a8=Q+ Kh7 37. Qa4 Rb2 38. Qxh4+ Kg6 39. Qg3+ Kh7 40. Ne4
Rb1+ 41. Kh2 Bxe4 42. Qh4+ 1-0

[Event "34th Leon Blitz Open 2021"]
[Site "chess.com INT"]
[Date "2021.07.07"]
[Round "6"]
[White "Filip, Lucian-Ioan"]
[Black "Baskin, Robert"]
[Result "0-1"]
[WhiteTitle "IM"]
[BlackTitle "IM"]
[WhiteElo "2431"]
[BlackElo "2390"]
[WhiteFideId "1208900"]
[BlackFideId "24662402"]
[EventDate "2021.07.07"]

1. Nf3 d5 2. d4 Nc6 3. Bf4 Bg4 4. Nbd2 Nf6 5. h3 Bh5 6. e3 e6 7. g4 Bg6 8. Nh4
Bd6 9. Nxg6 hxg6 10. c3 e5 11. dxe5 Nxe5 12. Bxe5 Bxe5 13. Bg2 c6 14. Qc2 Qe7
15. O-O-O O-O-O 16. Kb1 Kb8 17. Rhe1 Rhe8 18. Nf3 Bc7 19. Nd4 Bb6 20. Qd3 Rh8
21. a3 Ne4 22. Qc2 Nd6 23. Nb3 f5 24. Nd4 Qf6 25. Rh1 Rhf8 26. Rd2 Nc4 27. Re2
f4 28. exf4 Bxd4 29. cxd4 Qxd4 30. Qxg6 Rxf4 31. Qc2 Rdf8 32. f3 Qb6 33. Ka1 a6
34. Rhe1 Rd4 35. Qc3 a5 36. Re7 Rd2 37. R7e2 Rd4 38. Re7 Rd8 39. R1e2 a4 40. Re1
Rd3 41. Qc1 Na5 42. Qc2 Rd2 43. Qc3 Rxg2 44. Re8 Rxe8 45. Rxe8+ Ka7 46. Qe5 Rg1+
47. Ka2 Qb3# 0-1